Gminy powiatu kościerskiego - Statystyki

Ogólne statystyki
  • Ten quiz został rozwiązany 34 razy
  • Średni wynik to 6 z 8
Statystyki odpowiedzi
Status gminy Gmina % Poprawnych
Miejska Kościerzyna
100%
Wiejska Kościerzyna
100%
Wiejska Dziemiany
69%
Wiejska Stara Kiszewa
69%
Wiejska Liniewo
62%
Wiejska Lipusz
62%
Wiejska Nowa Karczma
62%
Wiejska Karsin
46%
Nie znaleziono quizów pasujących do podanych kryteriów
Rozkład punktacji
Procent ludzi z każdym wynikiem
Percentyl według liczby udzielonych odpowiedzi
Twoja historia wyników
Nie rozwiązałeś tego quizu